000 00503nam a2200193Ia 4500
003 GCL
008 140319s9999 xx 000 0 ara d
040 _aGCL /
_cGCL
082 0 4 _aق
_b962.06
_bم ض
100 1 _aمحمود فوزى
245 1 0 _aالضباط الاحرار يتحدثون /
_cمحمود فوزى
300 _a381 ص
490 _a
650 0 4 _aالعصر الحديث
650 0 4 _aمصر
650 0 4 _aتاريخ
650 0 4 _aجمال عبدالناصر
942 _2ddc
_cBK
999 _c39319
_d39319